Načítá se...

Nations and identities: classic readings

Podrobná bibliografie
Hlavní autor: Pecora, Vincent P
Médium: Printed Book
Jazyk:English
Vydáno: USA, Blackwell publishers 2001
Témata:
LEADER 005910000a22002050004500
015 |a M 
020 |a 0-631-22209-X 
041 |a eng 
082 |a 320.11 P1 
100 |a Pecora, Vincent P  |f Ed 
245 |a Nations and identities: classic readings 
260 |a USA, Blackwell publishers 
260 |c 2001 
650 |a Intellectual life 
650 |a Nationalism 
650 |a Twentieth century 
650 |a World politics 
942 |c BK 
999 |c 138070  |d 138066 
952 |0 0  |1 0  |4 0  |6 320_110000000000000_P1  |7 0  |9 136852  |a SIRP  |b SIRP  |d 2017-10-05  |l 0  |o 320.11 P1  |p SIRP03814  |r 2017-10-05  |w 2017-10-05  |y BK